|
|
|
|
| LEADER |
00000nab a2200000 a 4500 |
| 001 |
vtls000912121 |
| 003 |
SK-MaSNL |
| 005 |
20260303200924.0 |
| 008 |
040720e19910502xo 0 slo |
| 035 |
|
|
|a KE21032
|
| 040 |
|
|
|a KEVKJB
|b slo
|c KEVKJB
|e AACR2
|
| 041 |
0 |
|
|a slo
|
| 044 |
|
|
|a xo
|c SK
|
| 080 |
|
|
|a 08-057.4
|2 1981
|
| 080 |
|
|
|a 802.0
|2 1981
|
| 080 |
|
|
|a 929
|2 1981
|
| 100 |
1 |
|
|a Dulaiová, Mária
|4 aut
|9 882074
|
| 245 |
1 |
0 |
|a Cítim sa tu kráľovsky
|b S poradcom princa v našom meste
|
| 590 |
|
|
|a Lotz, Jim
|b kanadský spisovateľ, poradca waleského princa
|
| 600 |
1 |
7 |
|a Lotz, Jim
|2 KEVKJB
|9 1231494
|
| 650 |
0 |
7 |
|a pracovné návštevy
|2 KEVKJB
|9 69996
|
| 651 |
|
7 |
|a Košice (Slovensko)
|2 KEVKJB
|9 18694
|
| 651 |
|
7 |
|a KE,
|2 KEVKJB
|9 877256
|
| 655 |
|
7 |
|a periodikum
|2 snkbucl
|9 29553
|
| 773 |
0 |
8 |
|t Košický večer
|g Roč. 2
|g Roč. 28, č.85, 2.5.1991, s. 5
|
| 852 |
|
|
|a ZVYKNI
|b KIS3GCP
|
| 999 |
|
|
|c 2170608
|d 2172538
|